Statistics for Currency by Country - Multiple Choice

Click here to take the quiz!

General Stats

  • This quiz has been taken 235 times
  • The average score is 9 of 18

Answer Stats

QuestionAnswer% Correct
ShekelIsrael
88%
RubleBelarus
76%
RealBrazil
62%
WonNorth Korea
62%
QuetzalGuatemala
61%
KinaPapua New Guinea
55%
RinggitMalaysia
52%
DirhamMorocco
51%
ShillingTanzania
51%
EuroVatican City
51%
KronaSweden
47%
PesoPhilippines
45%
GuaraníParaguay
44%
DinarSerbia
41%
ManatTurkmenistan
41%
KwachaMalawi
39%
FrancRwanda
28%
U.S. DollarEcuador
24%

Score Distribution

Percentile by Number Answered

Percent of People with Each Score

Your Score History

You have not taken this quiz